| 000 | 00000nam##2200000za#4500 |
| 001 | 9.630756 |
| 003 | CaOODSP |
| 005 | 20210624214008 |
| 007 | cr ||||||||||| |
| 008 | 150407|2002||||xxc|||||o f|0| 0 fre|d |
| 020 | |a0-662-86853-6 |
| 040 | |aCaOODSP|bfre |
| 043 | |an-cn--- |
| 086 | 1 |aSC94-90/2002F-PDF |
| 110 | 1 |aCanada.|bCentre canadien de gestion. |
| 245 | 10|aUtiliser des outils horizontaux pour transcender les frontières : |h[ressource électronique]|blecons apprises et indicateurs de réussite / |cpar Andrea D. Rounce, [et] Norman Beaudry. |
| 246 | 3 |aTable ronde CCG sur les mécanismes horizontaux |
| 260 | |bCentre canadien de gestion |c[2002]. |
| 300 | |a50p.|bfigure, références, tableaux |
| 500 | |aLe n° de catalogue (SC94-90/2002) et l'ISBN (0-662-66410-8) de l'édition imprimée bilingue ont été incorrectement copiés dans l'édition électronique. |
| 520 | 3 |aCe rapport de 2002 de la Table ronde sur l'utilisation de mécanismes horizontaux du Centre canadien de gestion est axé sur les outils de gestion horizontale. Il répond aux questions suivantes : Comment peut-on faciliter la réserve de ressources au plan horizontal? Comment peut-on faciliter la dotation en diagonale? Et Comment les gestionnaires peuvent-ils s'assurer d'avoir des hiérarchies de responsabilité claires dans un projet horizontal? |
| 590 | |a12-16-Supp|b2012-04-17 |
| 691 | 07|aAdministration publique|2gcpds |
| 691 | 07|aDécentralisation|2gcpds |
| 691 | 07|aGestion administrative|2gcpds |
| 691 | 07|aPartenariat|2gcpds |
| 720 | 1 |aRounce, Andrea D. |
| 720 | 1 |aBeaudry, Norman |
| 775 | 08|tUsing horizontal tools to work across boundaries : |w(CaOODSP)9.686279 |
| 776 | 0#|tUsing horizontal tools to work across boundaries : |w(CaOODSP)9.663567 |
| 776 | 0#|tUtiliser des outils horizontaux pour transcender les frontières : |w(CaOODSP)9.663568 |
| 856 | 40|ahttp://publications.gc.ca|qPDF|s3.90 Mo|uhttps://publications.gc.ca/collections/Collection/SC94-90-2002F.pdf |